Možnosti a bariéry riadenia výkonnosti subjektov financovaných z verejných zdrojov

Vnímanie výkonnosti podľa vybraných autorov. Indikátory merania výkonnosti. Riadenie výkonnosti a ciele v oblasti výkonnosti.

Salvato in:
Dettagli Bibliografici
Autore principale: Šagátová, Slavka, 1975-
Natura: Capitolo di libro
Lingua:slovacco
Soggetti:
Tags: Aggiungi Tag
Nessun Tag, puoi essere il primo ad aggiungerne!!

MARC

LEADER 00000nla a2200000 4500
001 0186678
005 20240522124555.6
041 0 |a slo 
044 |a SK 
245 1 0 |a Možnosti a bariéry riadenia výkonnosti subjektov financovaných z verejných zdrojov  |c Slávka Šagátová 
520 |a Vnímanie výkonnosti podľa vybraných autorov. Indikátory merania výkonnosti. Riadenie výkonnosti a ciele v oblasti výkonnosti. 
610 2 0 |a výkonnosť podniku 
610 2 0 |a riadenie 
610 2 0 |a efektívnosť 
610 2 0 |a meranie výkonnosti 
610 2 0 |a financie verejné 
610 2 0 |a hospodárenie finančné 
100 1 |a Šagátová, Slavka, 1975-